000 00506 a2200205 4500
001 110684
020 _a9781484799673
041 _apor
090 _aSK [E] WIL
100 _aWillems, Mo.
250 _a1st ed.
300 _a[34] p.
697 _aPigs - Fiction.
697 _aHumorous fiction.
856 _u00001b/00001b09.jpg
040 _aBR-BrIDEA
_cBR-BrIDEA
245 1 0 _aAn Elephant & Piggie biggie!
_c Mo Willems
260 _aNew York
_bHyperion Books for Children
_c2003
942 _cBK
999 _c110684
_d110684